header

Wars of imperial conquest in Africa, 1830-1914 (Record no. 15145)

MARC details
000 -LEADER
fixed length control field 01768pam a2200385Ia 4500
100 1# - MAIN ENTRY--AUTHOR NAME
Personal name Vandervort, Bruce.
245 10 - TITLE STATEMENT
Title Wars of imperial conquest in Africa, 1830-1914
260 ## - PUBLICATION, DISTRIBUTION, ETC. (IMPRINT)
Place of publication London :
Name of publisher UCL Press ;
Place of publication Bloomington :
Name of publisher Indiana University Press,
Year of publication 1998.
300 ## - PHYSICAL DESCRIPTION
Number of Pages xviii, 274 p. :
Other physical details ill., maps.
505 0# - FORMATTED CONTENTS NOTE
Formatted contents note 1. Lords of the land: Africa on the eve of conquest -- 2. Masters of the water: the European invaders -- 3. A shifting balance, 1830-80 -- 4. Flood tide, 1880-98 -- 5. Ominous portents, 1898-1914 -- 6. Legacies.
650 #0 - SUBJECT ADDED ENTRY--TOPICAL TERM
Topical Term Imperialism
Topical Term Imperialism
856 40 - ELECTRONIC LOCATION AND ACCESS
Uniform Resource Identifier http://site.ebrary.com/lib/rucke/Doc?id=5003266

No items available.

© 2026 Rongo University
Contact us: librarian | system librarian | Rongo university